[Event "San Francisco TNM Winter op"]
[Site "San Francisco"]
[Date "2015.02.17"]
[Round "7"]
[White "Lin, Aung Tun"]
[Black "Eytan, David"]
[Result "0-1"]
[WhiteElo "1735"]
[BlackElo "1599"]
[PlyCount "66"]
[EventDate "2015.01.06"]
[EventType "swiss"]
[EventRounds "8"]
[EventCountry "USA"]
[SourceTitle "EXT 2016"]
[Source "ChessBase"]
[SourceDate "2015.10.08"]
[SourceVersion "1"]
[SourceVersionDate "2015.10.08"]
[SourceQuality "1"]

1. Nf3 c5 2. b3 Nc6 3. Bb2 d6 4. e3 Bf5 5. Bb5 Qb6 6. Nc3 Nf6 7. d3 g6 8. Bxc6+ Qxc6 9. e4 Bd7 10. Qe2 Bg7 11. 0-0 0-0 12. h3 Nh5 13. Nd5 Rfe8 14. Bxg7 Nxg7 15. c4 f6 16. Rfe1 Kf7 17. b4 b6 18. b5 Qc8 19. Qb2 Nh5 20. Re3 e6 21. Nc3 Nf4 22. Ne2 e5 23. Nh2 g5 24. Rd1 h5 25. Nxf4 gxf4 26. Rf3 Rg8 27. Kh1 Bg4 28. hxg4 hxg4 29. Rxf4 exf4 30. Kg1 Rh8 31. g3 Rxh2 32. Kxh2 Qh8+ 33. Kg1 f3 0-1

[Event "San Francisco TNM Summer op"]
[Site "San Francisco"]
[Date "2014.07.01"]
[Round "6"]
[White "Zulkhuu, Jamayandagva"]
[Black "Eytan, David"]
[Result "0-1"]
[WhiteElo "832"]
[BlackElo "1595"]
[PlyCount "53"]
[EventDate "2014.05.27"]
[EventType "swiss"]
[EventRounds "8"]
[EventCountry "USA"]
[SourceTitle "EXT 2016"]
[Source "ChessBase"]
[SourceDate "2015.10.08"]
[SourceVersion "1"]
[SourceVersionDate "2015.10.08"]
[SourceQuality "1"]

1. e4 e5 2. Nf3 f5 3. Nc3 fxe4 4. Nxe4 d5 5. Nc3 Nf6 6. Nxe5 Bc5 7. d4 Qe7 8. Bf4 Bd6 9. Bd3 Nbd7 10. Qe2 0-0 11. 0-0 Re8 12. Rae1 c5 13. Qe3 Qf8 14. Qg3 cxd4 15. Nb5 Bxe5 16. Bxe5 Nxe5 17. Rxe5 Rxe5 18. Qxe5 Bd7 19. Nxd4 Re8 20. Qg3 Qb4 21. c3 Qxb2 22. Rb1 Qxa2 23. Nf5 Bxf5 24. Bxf5 Qd2 25. h3 Re1+ 26. Rxe1 Qxe1+ 27. Kh2 0-1

[Event "San Francisco TNM Spring op"]
[Site "San Francisco"]
[Date "2014.04.01"]
[Round "3"]
[White "Eytan, David"]
[Black "Zulkhuu, Jamayandagva"]
[Result "1-0"]
[WhiteElo "1637"]
[BlackElo "787"]
[PlyCount "59"]
[EventDate "2014.03.18"]
[EventType "swiss"]
[EventRounds "8"]
[EventCountry "USA"]
[SourceTitle "EXT 2016"]
[Source "ChessBase"]
[SourceDate "2015.10.08"]
[SourceVersion "1"]
[SourceVersionDate "2015.10.08"]
[SourceQuality "1"]

1. e4 e5 2. d4 exd4 3. c3 dxc3 4. Bc4 Nf6 5. Nf3 Bc5 6. 0-0 0-0 7. Nxc3 d6 8. Bg5 h6 9. Bh4 Nc6 10. Re1 Re8 11. Bxf6 Qxf6 12. Nd5 Qd8 13. Qc2 Nb4 14. Nxb4 Bxb4 15. Re2 Bg4 16. Rd1 Qf6 17. Rd3 Qg6 18. a3 Ba5 19. b4 Bb6 20. e5 dxe5 21. Nxe5 Qh5 22. Nxg4 Qxg4 23. Rf3 Rad8 24. Bxf7+ Kh8 25. Bxe8 Kg8 26. Qb3+ Kh7 27. h3 Qh4 28. Rf8 Qg5 29. Qc2+ Qg6 30. Qxg6# 1-0

[Event "San Francisco TNM Spring op"]
[Site "San Francisco"]
[Date "2012.04.10"]
[Round "5"]
[White "Eytan, David"]
[Black "Shnaiderman, Lazar"]
[Result "0-1"]
[WhiteElo "1585"]
[BlackElo "1873"]
[PlyCount "88"]
[EventDate "2012.03.13"]
[EventType "swiss"]
[EventRounds "8"]
[EventCountry "USA"]
[SourceTitle "EXT 2014"]
[Source "ChessBase"]
[SourceDate "2013.11.20"]
[SourceVersion "1"]
[SourceVersionDate "2013.11.20"]
[SourceQuality "1"]

1. e4 c5 2. Nf3 g6 3. d4 cxd4 4. Nxd4 Nc6 5. Be3 Nf6 6. Nc3 Bg7 7. Qd2 Ng4 8. 0-0-0 Nxe3 9. fxe3 d6 10. Bc4 0-0 11. Rhf1 Ne5 12. Bb3 a6 13. Nd5 b5 14. h3 Bb7 15. Rf2 Rc8 16. Rdf1 Nc4 17. Qe2 Na5 18. Qd3 Nxb3+ 19. Qxb3 Rc4 20. Qd3 e6 21. Nf4 Qc8 22. Nfe2 e5 23. b3 exd4 24. bxc4 bxc4 25. Qa3 dxe3 26. Qxe3 Qe6 27. Ng3 Qe5 28. Rf4 Bh6 29. Kd1 Bxf4 30. Rxf4 Qa1+ 31. Kd2 Qxa2 32. Qc3 Bc8 33. h4 Qa4 34. h5 Qb5 35. hxg6 hxg6 36. Nf5 Bxf5 37. exf5 Qd5+ 38. Kc1 Qxg2 39. fxg6 Qg5 40. Qxc4 d5 41. gxf7+ Rxf7 42. Qc8+ Kg7 43. Qc3+ Kg6 44. Qc6+ Kh7 0-1

[Event "San Francisco TNM Spring op"]
[Site "San Francisco"]
[Date "2012.03.20"]
[Round "8"]
[White "Eytan, David"]
[Black "Krasnov, Steven Lender"]
[Result "0-1"]
[WhiteElo "1585"]
[BlackElo "2033"]
[PlyCount "46"]
[EventDate "2012.03.13"]
[EventType "swiss"]
[EventRounds "8"]
[EventCountry "USA"]
[SourceTitle "EXT 2014"]
[Source "ChessBase"]
[SourceDate "2013.11.20"]
[SourceVersion "1"]
[SourceVersionDate "2013.11.20"]
[SourceQuality "1"]

1. f4 Nf6 2. Nf3 g6 3. e3 Bg7 4. Nc3 c5 5. d4 cxd4 6. exd4 d6 7. Bd3 0-0 8. 0-0 Nc6 9. Ne2 Qb6 10. c3 e5 11. fxe5 dxe5 12. Qc2 Bg4 13. Be3 Rac8 14. h3 Bxf3 15. gxf3 exd4 16. Nxd4 Nd5 17. Bf2 Nxd4 18. Qd1 Nf4 19. Kh2 Qd6 20. Bg3 Nde6 21. Qa4 Be5 22. Rad1 Nxd3 23. Bxe5 Qxe5+ 0-1

[Event "San Francisco TNM Winter op"]
[Site "San Francisco"]
[Date "2012.01.24"]
[Round "4"]
[White "Eytan, David"]
[Black "Chinguun, Bayaraa"]
[Result "1-0"]
[WhiteElo "1608"]
[BlackElo "1355"]
[PlyCount "111"]
[EventDate "2012.01.03"]
[EventType "swiss"]
[EventRounds "8"]
[EventCountry "USA"]
[SourceTitle "EXT 2014"]
[Source "ChessBase"]
[SourceDate "2013.11.20"]
[SourceVersion "1"]
[SourceVersionDate "2013.11.20"]
[SourceQuality "1"]

1. f4 d5 2. Nf3 e6 3. e3 c5 4. b3 Nf6 5. Bb2 Nc6 6. Nc3 Be7 7. Ne2 b6 8. Ng3 Bb7 9. Bd3 0-0 10. 0-0 Nb4 11. Ne5 Nxd3 12. cxd3 d4 13. Nh5 Nxh5 14. Qxh5 Bf6 15. e4 Bxe5 16. Qxe5 Qd7 17. Rf3 f6 18. Qh5 Qf7 19. Qh4 f5 20. Re1 Rfe8 21. Rh3 h6 22. Rg3 Kh7 23. Rg5 Ba6 24. Rg3 Bb7 25. b4 Rac8 26. bxc5 bxc5 27. Ba3 Ba8 28. Rg5 Qf6 29. exf5 exf5 30. Rxe8 Rxe8 31. Bxc5 Kg8 32. Qh5 Qc6 33. Rg3 Qe6 34. h3 Rd8 35. Bxa7 Rd7 36. Bb8 Bd5 37. a4 Rf7 38. Be5 Bc6 39. Rg6 Qd5 40. Qxh6 Qd7 41. Bxg7 Rxg7 42. Rxg7+ Qxg7 43. Qxc6 Qa7 44. Qg6+ Kh8 45. Qe8+ Kh7 46. h4 Qc7 47. Qh5+ Kg8 48. Qxf5 Qc1+ 49. Kh2 Qxd2 50. a5 Qa2 51. Qb5 Qf2 52. Qg5+ Kf8 53. a6 Qa2 54. Qc5+ Kg8 55. Qc4+ Qxc4 56. dxc4 1-0

[Event "San Francisco TNM Fall op"]
[Site "San Francisco"]
[Date "2011.11.15"]
[Round "5"]
[White "Dembling, Arthur"]
[Black "Eytan, David"]
[Result "0-1"]
[WhiteElo "1758"]
[BlackElo "1531"]
[PlyCount "80"]
[EventDate "2011.10.18"]
[EventType "swiss"]
[EventRounds "9"]
[EventCountry "USA"]
[SourceTitle "EXT 2016"]
[Source "ChessBase"]
[SourceDate "2015.10.08"]
[SourceVersion "1"]
[SourceVersionDate "2015.10.08"]
[SourceQuality "1"]

1. e4 e5 2. Nf3 Nf6 3. Nxe5 d6 4. Nf3 Nxe4 5. Nc3 Nf6 6. d4 Bg4 7. Be2 Nbd7 8. Be3 c6 9. Qd2 h6 10. h3 Be6 11. 0-0-0 Qa5 12. Kb1 Nb6 13. d5 Nbxd5 14. Nxd5 Qxd5 15. Qxd5 Nxd5 16. Bd4 0-0-0 17. a3 c5 18. Be3 Nxe3 19. fxe3 g6 20. Rhf1 Bg7 21. Nd2 d5 22. Nb3 b6 23. Nc1 Rhe8 24. Nd3 g5 25. Nf2 c4 26. Ng4 Kc7 27. Nf6 Re7 28. c3 Rd6 29. Rf2 Kc6 30. e4 Bxf6 31. Rxf6 dxe4 32. Rxd6+ Kxd6 33. Bxc4 Ke5 34. Rxe6+ fxe6 35. Kc2 Rd7 36. Bb5 Rd6 37. g3 h5 38. Be2 h4 39. gxh4 gxh4 40. Bg4 Kf4 0-1

[Event "San Francisco TNM Fall op"]
[Site "San Francisco"]
[Date "2011.10.18"]
[Round "1"]
[White "Eytan, David"]
[Black "Khristoforov, Sergey"]
[Result "0-1"]
[WhiteElo "1531"]
[BlackElo "1999"]
[PlyCount "84"]
[EventDate "2011.10.18"]
[EventType "swiss"]
[EventRounds "9"]
[EventCountry "USA"]
[SourceTitle "EXT 2016"]
[Source "ChessBase"]
[SourceDate "2015.10.08"]
[SourceVersion "1"]
[SourceVersionDate "2015.10.08"]
[SourceQuality "1"]

1. f4 d5 2. Nf3 c5 3. e3 Nc6 4. Nc3 g6 5. Bd3 Bg7 6. b3 e5 7. fxe5 Nxe5 8. Nxe5 Bxe5 9. Qf3 Nf6 10. Bb5+ Bd7 11. Bxd7+ Qxd7 12. 0-0 b5 13. Bb2 Rd8 14. Na4 Bxb2 15. Nxb2 Ne4 16. d3 Nc3 17. Rf2 0-0 18. a4 b4 19. Nd1 Nxd1 20. Rxd1 Qe6 21. Rdf1 a5 22. h4 h5 23. Qg3 Qe7 24. Rf5 Kh7 25. Re5 Qd6 26. d4 f6 27. Rxh5+ gxh5 28. Qf3 Kh6 29. dxc5 Qe5 30. c6 Rc8 31. c4 bxc3 32. e4 d4 33. Qd3 Rxc6 34. Rf5 Qxf5 35. exf5 c2 36. Qd2+ Kg7 37. Qc1 d3 38. Kh2 d2 39. Qxd2 c1Q 40. Qd7+ Rf7 41. Qd4 Qc5 42. Qe4 Qe5+ 0-1

[Event "San Francisco TNM Litowsky op"]
[Site "San Francisco"]
[Date "2011.08.30"]
[Round "5"]
[White "Eytan, David"]
[Black "Dembling, Arthur"]
[Result "1-0"]
[WhiteElo "1608"]
[BlackElo "1796"]
[PlyCount "77"]
[EventDate "2011.08.02"]
[EventType "swiss"]
[EventRounds "9"]
[EventCountry "USA"]
[SourceTitle "EXT 2016"]
[Source "ChessBase"]
[SourceDate "2015.10.08"]
[SourceVersion "1"]
[SourceVersionDate "2015.10.08"]
[SourceQuality "1"]

1. f4 Nf6 2. Nf3 d6 3. e3 Bg4 4. Bd3 c5 5. 0-0 Nc6 6. Nc3 g6 7. Ne2 Bg7 8. c3 0-0 9. Ng3 d5 10. f5 c4 11. Bc2 Ne5 12. fxg6 hxg6 13. Kh1 Qc7 14. d4 Nxf3 15. gxf3 Bh3 16. Rg1 Rfe8 17. Bd2 b5 18. Qe2 e5 19. Rae1 exd4 20. cxd4 a5 21. Qf2 b4 22. Ne2 Qd7 23. Rg3 Nh5 24. Rg5 Bh6 25. Rxh5 gxh5 26. Qg3+ Kf8 27. Nf4 Bxf4 28. Qxf4 Qe6 29. Qh4 Bf5 30. e4 Bg6 31. Bh6+ Kg8 32. Rg1 Kh7 33. exd5 Qe2 34. Qf6 Rg8 35. Qxf7+ Kh8 36. Bxg6 Rxg6 37. Rxg6 Qd1+ 38. Rg1 Qxd4 39. Bg7+ 1-0

[Event "San Francisco TNM Summer op"]
[Site "San Francisco"]
[Date "2011.07.05"]
[Round "7"]
[White "Otterbach, Renate"]
[Black "Eytan, David"]
[Result "0-1"]
[WhiteElo "805"]
[BlackElo "1608"]
[PlyCount "132"]
[EventDate "2011.05.24"]
[EventType "swiss"]
[EventRounds "8"]
[EventCountry "USA"]
[SourceTitle "EXT 2016"]
[Source "ChessBase"]
[SourceDate "2015.10.08"]
[SourceVersion "1"]
[SourceVersionDate "2015.10.08"]
[SourceQuality "1"]

1. e4 c5 2. Nf3 Nc6 3. c3 d6 4. d4 cxd4 5. cxd4 Bg4 6. Be3 Nf6 7. Nbd2 Qa5 8. Be2 Nxe4 9. 0-0 Nf6 10. h3 h5 11. Qb3 b6 12. Rfd1 Rc8 13. Nc4 Qd5 14. Bg5 Ne4 15. Bh4 g5 16. Qa4 gxh4 17. Ne3 Qa5 18. Qc4 Nb4 19. Qb5+ Qxb5 20. Bxb5+ Bd7 21. Bc4 Rg8 22. Rac1 Bh6 23. a3 d5 24. Ne5 Bxh3 25. Bb5+ Kf8 26. Rxc8+ Bxc8 27. Rc1 Be6 28. Bd7 Bxe3 29. Rc8+ Kg7 30. fxe3 Rxc8 31. Bxc8 Bxc8 32. axb4 h3 33. gxh3 Bxh3 34. Kh2 Bf5 35. Nc6 e6 36. Nxa7 h4 37. Nc8 h3 38. Nxb6 Ng5 39. b5 Nf3+ 40. Kh1 e5 41. Nxd5 exd4 42. exd4 Nxd4 43. b6 Be4+ 44. Kh2 Bxd5 45. Kxh3 Kf6 46. Kg3 Ke5 47. b4 Ke4 48. Kf2 f5 49. Ke1 Kd3 50. Kf1 Kc4 51. Kf2 Kxb4 52. Ke3 Kc5 53. Kd3 Bc4+ 54. Ke3 Ne6 55. Kf2 Kxb6 56. Kf3 Kc5 57. Kf2 Kd4 58. Kg3 Ke3 59. Kg2 f4 60. Kg1 Ke2 61. Kh2 f3 62. Kg3 f2 63. Kg4 f1Q 64. Kg3 Qf3+ 65. Kh4 Qf4+ 66. Kh5 Qg5# 0-1